Pedro Casaldáliga (Record no. 189187)
[ view plain ]
| 000 -LEADER | |
|---|---|
| campo de control de longitud fija | 01213nam a2200289 i 4500 |
| 001 - NÚMERO DE CONTROL | |
| campo de control | 189187 |
| 003 - IDENTIFICADOR DE NÚMERO DE CONTROL | |
| campo de control | SpMaBN |
| 005 - FECHA Y HORA DE LA ÚLTIMA TRANSACCIÓN | |
| campo de control | 20250302202844.0 |
| 008 - DATOS DE LONGITUD FIJA--INFORMACIÓN GENERAL | |
| campo de control de longitud fija | 190423s2009 sp cfo |||| |bspa d |
| 020 ## - NÚMERO INTERNACIONAL ESTÁNDAR DEL LIBRO | |
| Número Internacional Estándar del Libro | 978-84-96146-31-0 |
| 080 ## - NÚMERO DE LA CLASIFICACIÓN DECIMAL UNIVERSAL | |
| Número de la Clasificación Decimal Universal | 929 Casaldáliga, Pedro (082.2) |
| 245 00 - MENCIÓN DEL TÍTULO | |
| Título | Pedro Casaldáliga |
| Resto del título | : las causas que dan sentido a su vida : retrato de una personalidad / |
| Mención de responsabilidad, etc. | [coordinadores, Benjamín Forcano, Eduardo Lallana ... (et al.) ; introducción, Federico Mayor Zaragoza]. |
| 246 3# - FORMA VARIANTE DEL TITULO | |
| Texto de visualización | Precede al tít. |
| Título propio/Titulo breve | Homenaje de amigos |
| 250 ## - MENCION DE EDICION | |
| Mención de edición | 3ª ed. |
| 260 ## - PUBLICACIÓN, DISTRIBUCIÓN, ETC. | |
| Lugar de publicación, distribución, etc. | Madrid : |
| Nombre del editor, distribuidor, etc. | Nueva Utopía, |
| Fecha de publicación, distribución, etc. | 2009. |
| 300 ## - DESCRIPCIÓN FÍSICA | |
| Extensión | 387, [32] p. de lám. col. y n. ; |
| Dimensiones | 24 cm. |
| 504 ## - NOTA DE BIBLIOGRAFÍA, ETC. | |
| Nota de bibliografía, etc. | Bibliografía: p. [381-387] |
| 600 17 - PUNTO DE ACCESO ADICIONAL DE MATERIA--NOMBRE DE PERSONA | |
| Nombre de persona | Casaldáliga, Pedro- |
| Subdivisión de forma | Homenajes. |
| 9 (RLIN) | 166863 |
| 700 1# - ENTRADA AGREGADA--NOMBRE PERSONAL | |
| Nombre de persona | Forcano, Benjamín. |
| 9 (RLIN) | 51684 |
| 700 1# - ENTRADA AGREGADA--NOMBRE PERSONAL | |
| Nombre de persona | Lallana, Eduardo. |
| 9 (RLIN) | 166864 |
| 700 1# - ENTRADA AGREGADA--NOMBRE PERSONAL | |
| Nombre de persona | Mayor Zaragoza, Federico, |
| Fechas asociadas al nombre | 1934-2024 |
| 9 (RLIN) | 79415 |
| 852 ## - LOCALIZACIÓN | |
| Ubicación | ES-MaACL |
| Número de control de estantería | A-14476 |
| itemnumber | 196325 |
| Sublocalización o colección | R.152106 |
| Ubicación en estantería | Depósito 1 |
| Signatura antigua | Olim: N-7476 |
| Anotaciones manuscritas | Dedicatoria autógrafa de Eduardo Lallana |
| Encuadernación | Encuadernación en cartoné |
| 903 ## - NOMBRE PERSONAL DE DONANTE | |
| 9 | 166864 |
| a | Lallana, Eduardo |
| e | Donante |
| 942 ## - ELEMENTOS DE ENTRADA SECUNDARIOS (KOHA) | |
| Fuente del sistema de clasificación o colocación | Clasificación decimal universal |
| Tipo de ítem Koha | Libro impreso |
| Estatus retirado | Estado de pérdida | Fuente del sistema de clasificación o colocación | Estado de daño | No para préstamo | Colección | Biblioteca de origen | Biblioteca actual | Ubicación en estantería | Fecha de adquisición | Fuente de adquisición | Total de préstamos | Signatura topográfica completa | Código de barras | Visto por última vez | Precio de reemplazo | Tipo de ítem Koha | Nota pública |
|---|---|---|---|---|---|---|---|---|---|---|---|---|---|---|---|---|---|
| Clasificación decimal universal | Libros con dedicatorias | Biblioteca del Ateneo de Madrid | Biblioteca del Ateneo de Madrid | Depósito 1 | 23/04/2019 | Donación | A-14476 | 1200381 | 23/02/2023 | 23/02/2023 | Libro impreso | Dedicatoria autógrafa del autor Eduardo Lallana |
